000 00773nam a22002297a 4500
003 UA-OsUOA
001 80913
007 ta
008 20111228b un ||||| |||| 00| 0 ukr d
100 _aСоснова В.
700 _aСамохвалова Я.
090 _a82
_bС66
942 _cSA
040 _aUA-OsUOA
_bukr
_cUA-OsUOA
_dUA-OsUOA
245 _aІмпресіонізм у літературі та художній культурі (На прикладі творчості Михайла Коцюбинського, Альфреда Сіслея, Клода Моне. 10 клас)
300 _aС.6-12
955 _a0
041 _aukr
080 _a82
773 0 _w80912
650 7 _a82 Література. Літературознавство
_2UDC
999 _c367222
_d367222